<?xml version="1.0" encoding="UTF-8"?>
<record
    xmlns:xsi="http://www.w3.org/2001/XMLSchema-instance"
    xsi:schemaLocation="http://www.loc.gov/MARC21/slim http://www.loc.gov/standards/marcxml/schema/MARC21slim.xsd"
    xmlns="http://www.loc.gov/MARC21/slim">

  <leader>00453nam a22001937a 4500</leader>
  <datafield tag="999" ind1=" " ind2=" ">
    <subfield code="c">16502</subfield>
    <subfield code="d">16502</subfield>
  </datafield>
  <controlfield tag="003">ASAB</controlfield>
  <controlfield tag="005">20170427115640.0</controlfield>
  <controlfield tag="008">120430t        xxu||||| |||| 00| 0 eng d</controlfield>
  <datafield tag="020" ind1=" " ind2=" ">
    <subfield code="a">9780763752224</subfield>
  </datafield>
  <datafield tag="040" ind1=" " ind2=" ">
    <subfield code="c">ASAB</subfield>
  </datafield>
  <datafield tag="082" ind1=" " ind2=" ">
    <subfield code="a">576.5 LEW</subfield>
  </datafield>
  <datafield tag="100" ind1=" " ind2=" ">
    <subfield code="a">Benjamin Lewin</subfield>
    <subfield code="9">203</subfield>
  </datafield>
  <datafield tag="245" ind1=" " ind2=" ">
    <subfield code="a">Genes IX </subfield>
    <subfield code="c">Benjamin Lewin</subfield>
  </datafield>
  <datafield tag="260" ind1=" " ind2=" ">
    <subfield code="a">London</subfield>
    <subfield code="b">Jones and Barrlett Pub</subfield>
  </datafield>
  <datafield tag="300" ind1=" " ind2=" ">
    <subfield code="a">892</subfield>
  </datafield>
  <datafield tag="440" ind1=" " ind2=" ">
    <subfield code="a">Genes IX</subfield>
    <subfield code="9">204</subfield>
  </datafield>
  <datafield tag="650" ind1=" " ind2=" ">
    <subfield code="a">Genetics</subfield>
    <subfield code="9">205</subfield>
  </datafield>
  <datafield tag="942" ind1=" " ind2=" ">
    <subfield code="2">lcc</subfield>
    <subfield code="c">BK</subfield>
  </datafield>
  <datafield tag="952" ind1=" " ind2=" ">
    <subfield code="0">0</subfield>
    <subfield code="1">0</subfield>
    <subfield code="2">ddc</subfield>
    <subfield code="4">0</subfield>
    <subfield code="7">0</subfield>
    <subfield code="8">REF</subfield>
    <subfield code="a">ASAB</subfield>
    <subfield code="b">ASAB</subfield>
    <subfield code="d">2015-11-10</subfield>
    <subfield code="l">0</subfield>
    <subfield code="o">576.5 LEW</subfield>
    <subfield code="p">ASAB684</subfield>
    <subfield code="r">2015-11-10</subfield>
    <subfield code="t">original copy</subfield>
    <subfield code="w">2015-11-10</subfield>
    <subfield code="y">BK</subfield>
  </datafield>
  <datafield tag="952" ind1=" " ind2=" ">
    <subfield code="0">0</subfield>
    <subfield code="1">0</subfield>
    <subfield code="2">ddc</subfield>
    <subfield code="4">0</subfield>
    <subfield code="7">0</subfield>
    <subfield code="8">NFIC</subfield>
    <subfield code="a">ASAB</subfield>
    <subfield code="b">ASAB</subfield>
    <subfield code="d">2012-05-04</subfield>
    <subfield code="l">2</subfield>
    <subfield code="o">576.5 LEW</subfield>
    <subfield code="p">ASAB930</subfield>
    <subfield code="r">2022-03-11</subfield>
    <subfield code="s">2016-09-29</subfield>
    <subfield code="t">Photo Copy</subfield>
    <subfield code="w">2012-05-04</subfield>
    <subfield code="y">BK</subfield>
  </datafield>
  <datafield tag="952" ind1=" " ind2=" ">
    <subfield code="0">0</subfield>
    <subfield code="1">0</subfield>
    <subfield code="2">ddc</subfield>
    <subfield code="4">0</subfield>
    <subfield code="7">0</subfield>
    <subfield code="8">NFIC</subfield>
    <subfield code="a">ASAB</subfield>
    <subfield code="b">ASAB</subfield>
    <subfield code="d">2012-04-30</subfield>
    <subfield code="l">2</subfield>
    <subfield code="o">576.5  LEW</subfield>
    <subfield code="p">ASAB1409</subfield>
    <subfield code="r">2022-03-11</subfield>
    <subfield code="s">2022-03-10</subfield>
    <subfield code="t">Photo  Copy</subfield>
    <subfield code="w">2012-04-30</subfield>
    <subfield code="y">BK</subfield>
  </datafield>
  <datafield tag="952" ind1=" " ind2=" ">
    <subfield code="0">0</subfield>
    <subfield code="1">0</subfield>
    <subfield code="2">ddc</subfield>
    <subfield code="4">0</subfield>
    <subfield code="7">0</subfield>
    <subfield code="8">NFIC</subfield>
    <subfield code="a">ASAB</subfield>
    <subfield code="b">ASAB</subfield>
    <subfield code="d">2012-04-30</subfield>
    <subfield code="l">2</subfield>
    <subfield code="o">576.5  LEW</subfield>
    <subfield code="p">ASAB1410</subfield>
    <subfield code="r">2016-09-27</subfield>
    <subfield code="s">2016-09-27</subfield>
    <subfield code="t">Photo  Copy</subfield>
    <subfield code="w">2012-04-30</subfield>
    <subfield code="y">BK</subfield>
  </datafield>
  <datafield tag="952" ind1=" " ind2=" ">
    <subfield code="0">0</subfield>
    <subfield code="1">0</subfield>
    <subfield code="2">ddc</subfield>
    <subfield code="4">0</subfield>
    <subfield code="7">0</subfield>
    <subfield code="8">NFIC</subfield>
    <subfield code="a">ASAB</subfield>
    <subfield code="b">ASAB</subfield>
    <subfield code="d">2012-04-30</subfield>
    <subfield code="l">1</subfield>
    <subfield code="o">576.5 LEW</subfield>
    <subfield code="p">ASAB1413</subfield>
    <subfield code="r">2021-10-26</subfield>
    <subfield code="s">2016-06-03</subfield>
    <subfield code="t">Photo  Copy</subfield>
    <subfield code="w">2012-04-30</subfield>
    <subfield code="y">BK</subfield>
  </datafield>
  <datafield tag="952" ind1=" " ind2=" ">
    <subfield code="0">0</subfield>
    <subfield code="1">0</subfield>
    <subfield code="2">ddc</subfield>
    <subfield code="4">0</subfield>
    <subfield code="7">0</subfield>
    <subfield code="8">NFIC</subfield>
    <subfield code="a">ASAB</subfield>
    <subfield code="b">ASAB</subfield>
    <subfield code="d">2012-04-30</subfield>
    <subfield code="l">3</subfield>
    <subfield code="o">576.5  LEW</subfield>
    <subfield code="p">ASAB932</subfield>
    <subfield code="r">2023-01-16</subfield>
    <subfield code="s">2022-11-24</subfield>
    <subfield code="t">Photo  Copy</subfield>
    <subfield code="w">2012-04-30</subfield>
    <subfield code="y">BK</subfield>
  </datafield>
  <datafield tag="952" ind1=" " ind2=" ">
    <subfield code="0">0</subfield>
    <subfield code="1">0</subfield>
    <subfield code="2">ddc</subfield>
    <subfield code="4">0</subfield>
    <subfield code="7">0</subfield>
    <subfield code="8">NFIC</subfield>
    <subfield code="a">ASAB</subfield>
    <subfield code="b">ASAB</subfield>
    <subfield code="d">2012-04-30</subfield>
    <subfield code="l">3</subfield>
    <subfield code="m">2</subfield>
    <subfield code="o">576.5 LEW</subfield>
    <subfield code="p">ASAB933</subfield>
    <subfield code="r">2024-01-04</subfield>
    <subfield code="s">2023-10-25</subfield>
    <subfield code="t">Photo  Copy</subfield>
    <subfield code="w">2012-04-30</subfield>
    <subfield code="y">BK</subfield>
  </datafield>
  <datafield tag="952" ind1=" " ind2=" ">
    <subfield code="0">0</subfield>
    <subfield code="1">0</subfield>
    <subfield code="2">ddc</subfield>
    <subfield code="4">0</subfield>
    <subfield code="7">0</subfield>
    <subfield code="8">NFIC</subfield>
    <subfield code="a">ASAB</subfield>
    <subfield code="b">ASAB</subfield>
    <subfield code="d">2012-04-30</subfield>
    <subfield code="l">2</subfield>
    <subfield code="m">3</subfield>
    <subfield code="o">576.5  LEW</subfield>
    <subfield code="p">ASAB931</subfield>
    <subfield code="r">2023-02-08</subfield>
    <subfield code="s">2022-11-03</subfield>
    <subfield code="t">Photo  Copy</subfield>
    <subfield code="w">2012-04-30</subfield>
    <subfield code="y">BK</subfield>
  </datafield>
  <datafield tag="952" ind1=" " ind2=" ">
    <subfield code="0">0</subfield>
    <subfield code="1">0</subfield>
    <subfield code="2">ddc</subfield>
    <subfield code="4">0</subfield>
    <subfield code="7">0</subfield>
    <subfield code="8">NFIC</subfield>
    <subfield code="a">ASAB</subfield>
    <subfield code="b">ASAB</subfield>
    <subfield code="d">2012-04-30</subfield>
    <subfield code="l">1</subfield>
    <subfield code="o">576.5  LEW</subfield>
    <subfield code="p">ASAB686</subfield>
    <subfield code="r">2017-03-22</subfield>
    <subfield code="s">2014-10-23</subfield>
    <subfield code="w">2012-04-30</subfield>
    <subfield code="y">BK</subfield>
  </datafield>
  <datafield tag="952" ind1=" " ind2=" ">
    <subfield code="0">0</subfield>
    <subfield code="1">0</subfield>
    <subfield code="2">ddc</subfield>
    <subfield code="4">0</subfield>
    <subfield code="7">0</subfield>
    <subfield code="8">NFIC</subfield>
    <subfield code="a">ASAB</subfield>
    <subfield code="b">ASAB</subfield>
    <subfield code="d">2012-04-30</subfield>
    <subfield code="l">3</subfield>
    <subfield code="m">3</subfield>
    <subfield code="o">576.5  LEW</subfield>
    <subfield code="p">ASAB1411</subfield>
    <subfield code="r">2023-01-16</subfield>
    <subfield code="s">2022-10-27</subfield>
    <subfield code="t">Photo  Copy</subfield>
    <subfield code="w">2012-04-30</subfield>
    <subfield code="y">BK</subfield>
  </datafield>
  <datafield tag="952" ind1=" " ind2=" ">
    <subfield code="0">0</subfield>
    <subfield code="1">0</subfield>
    <subfield code="2">ddc</subfield>
    <subfield code="4">0</subfield>
    <subfield code="7">0</subfield>
    <subfield code="8">NFIC</subfield>
    <subfield code="a">ASAB</subfield>
    <subfield code="b">ASAB</subfield>
    <subfield code="d">2012-04-30</subfield>
    <subfield code="l">2</subfield>
    <subfield code="o">576.5  LEW</subfield>
    <subfield code="p">ASAB934</subfield>
    <subfield code="r">2023-02-07</subfield>
    <subfield code="s">2016-09-27</subfield>
    <subfield code="t">Photo  Copy</subfield>
    <subfield code="w">2012-04-30</subfield>
    <subfield code="y">BK</subfield>
  </datafield>
  <datafield tag="952" ind1=" " ind2=" ">
    <subfield code="0">0</subfield>
    <subfield code="1">0</subfield>
    <subfield code="2">ddc</subfield>
    <subfield code="4">0</subfield>
    <subfield code="7">0</subfield>
    <subfield code="8">NFIC</subfield>
    <subfield code="a">ASAB</subfield>
    <subfield code="b">ASAB</subfield>
    <subfield code="d">2012-04-30</subfield>
    <subfield code="l">4</subfield>
    <subfield code="o">576.5  LEW</subfield>
    <subfield code="p">ASAB1412</subfield>
    <subfield code="r">2023-02-06</subfield>
    <subfield code="s">2021-11-22</subfield>
    <subfield code="t">Photo  Copy</subfield>
    <subfield code="w">2012-04-30</subfield>
    <subfield code="y">BK</subfield>
  </datafield>
  <datafield tag="952" ind1=" " ind2=" ">
    <subfield code="0">0</subfield>
    <subfield code="1">0</subfield>
    <subfield code="2">ddc</subfield>
    <subfield code="4">0</subfield>
    <subfield code="7">0</subfield>
    <subfield code="8">NFIC</subfield>
    <subfield code="a">ASAB</subfield>
    <subfield code="b">ASAB</subfield>
    <subfield code="d">2012-04-30</subfield>
    <subfield code="l">1</subfield>
    <subfield code="o">576.5  LEW</subfield>
    <subfield code="p">ASAB685</subfield>
    <subfield code="r">2017-03-22</subfield>
    <subfield code="s">2015-11-18</subfield>
    <subfield code="w">2012-04-30</subfield>
    <subfield code="y">BK</subfield>
  </datafield>
</record>
